Statistics for Chevrolet Models

Click here to take the quiz!

General Stats

  • This quiz has been taken 33 times
  • The average score is 8 of 15

Answer Stats

Answer% Correct
Camaro
86%
Malibu
79%
Silverado
76%
Corvette
69%
Impala
69%
Tahoe
62%
Colorado
59%
Cruze
59%
Volt
59%
Equinox
52%
Traverse
48%
Trax
45%
Spark
34%
Trailblazer
24%
Avalanche
10%

Score Distribution

Percentile by Number Answered

Percent of People with Each Score

Your Score History

You have not taken this quiz